00429nam a2200169Ia 4500003000500000008004100005020001800046040001900064082000700083100002100090100001600111245006000127260003900187300001000226365001100236546001200247STCL221019s9999 xx 000 0 und d a9780199918096 aSTCLcSTCLbEN 222 aAllan, Friedman  aSinger, P W 0aCybersecurity and cyber war what everyone needs to know bOxford UniversityaNew Delhic2014 a306 p b5269.3 aEnglish